Genghis Khan, conqueror of the world (Record no. 187304)
[ view plain ]
| 000 -LEADER | |
|---|---|
| fixed length control field | 01190 a2200217 4500 |
| 003 - CONTROL NUMBER IDENTIFIER | |
| control field | Nust |
| 005 - DATE AND TIME OF LATEST TRANSACTION | |
| control field | 20170207153500.0 |
| 010 ## - LIBRARY OF CONGRESS CONTROL NUMBER | |
| LC control number | 90222668 |
| 020 ## - INTERNATIONAL STANDARD BOOK NUMBER | |
| International Standard Book Number | 1860643752 |
| 040 ## - CATALOGING SOURCE | |
| Transcribing agency | Nust |
| 082 ## - DEWEY DECIMAL CLASSIFICATION NUMBER | |
| Classification number | 950.2 |
| 100 1# - MAIN ENTRY--PERSONAL NAME | |
| Personal name | Hartog, Leo de. |
| 245 10 - TITLE STATEMENT | |
| Title | Genghis Khan, conqueror of the world |
| Statement of responsibility, etc. | Leo de Hartog. |
| 260 ## - PUBLICATION, DISTRIBUTION, ETC. | |
| Place of publication, distribution, etc. | London : |
| Name of publisher, distributor, etc. | I.B. Tauris, |
| Date of publication, distribution, etc. | c1989. |
| 300 ## - PHYSICAL DESCRIPTION | |
| Extent | vii, 230 p. : |
| Other physical details | ill. ; |
| Dimensions | 23 cm. |
| 500 ## - GENERAL NOTE | |
| General note | Translation of: Djenghis Khan, 's werelds grootste veroveraar. |
| 505 ## - FORMATTED CONTENTS NOTE | |
| Formatted contents note | Mongolia On The Eve Of The Birth Of Asia’s Greatest Son (Page-1) The Rise Of A Young Chief Of The Borjigins (Page-12) Ruler Of All Trivbes Living In Felt Tents (Page-24) The Yasa (Page-35) The Mongol Army (Page-42) The Rapacious Barbarians At China’s Northern Frontier (Page-55) The Prelude (Page-78) The Hurricane From The East (Page-94) The Great Raid (Page-116) After The Storm (Page-124) The Last Campaign (Page-133) The World Conqueror And His Empire (Page-139) In The Footsteps Of The Father (Page-149) The Mongol Invader In Europe (Page-164) The Last Phase Of Unity (Page-182) |
| 538 ## - SYSTEM DETAILS NOTE | |
| System details note | Almirah No.62 Shelf No.1 |
| 600 00 - SUBJECT ADDED ENTRY--PERSONAL NAME | |
| Personal name | Genghis Khan, |
| Dates associated with a name | 1162-1227. |
| 650 #0 - SUBJECT ADDED ENTRY--TOPICAL TERM | |
| Topical term or geographic name entry element | Mongols |
| General subdivision | History. |
| 942 ## - ADDED ENTRY ELEMENTS (KOHA) | |
| Source of classification or shelving scheme | |
| Koha item type | Book |
| Withdrawn status | Lost status | Source of classification or shelving scheme | Damaged status | Not for loan | Collection code | Permanent Location | Current Location | Date acquired | Total Checkouts | Full call number | Barcode | Date last seen | Price effective from | Koha item type |
|---|---|---|---|---|---|---|---|---|---|---|---|---|---|---|
| Military College of Signals (MCS) | Military College of Signals (MCS) | 12/12/2016 | 950.2 HAR | MCS28182 | 12/08/2016 | 12/12/2016 | Book |
